| 000 | 01418cam a22002535a 4500 | ||
|---|---|---|---|
| 001 | L150421 | ||
| 008 | 100712s2010 xxk 000 0 eng d | ||
| 035 | _a(Sirsi) u150421 | ||
| 041 | 0 | _aeng | |
| 100 | 1 | _aTurner, David | |
| 245 | 0 | 0 |
_aUpdate _bcommercial property |
| 260 | _c2010 | ||
| 490 |
_aSolicitors Journal Property Focus _vJune 2010, 23-24, (2) |
||
| 520 | _aGoldacre v Nortel, [2009] EWHC 3389 (Ch) (see L149729) treats the issue of administrators' liability for rent. The right to break after transferring property interests is dealt with in Linpac v Aviva [2010] EWCA Civ 395. Clarence House v National Westminster Bank [2009] EWCA Civ 1311 (see E149610) makes clear that virtual assignments do not affect the normal landlord's remedies. Good Harvest Partnership LLP v Centaur Services [2010] EWHC 330 (Ch) severely restricts the ability of landlords to rely on the covenant strength of existing guarantors to guarantee the performance of subsequent assignees. | ||
| 590 | _aKA | ||
| 650 | 2 | 4 | _aGOLDACRE (OFFICES) LTD V NORTEL NETWORKS UK LTD |
| 650 | 2 | 4 | _aLINPAC V AVIVA |
| 650 | 2 | 4 | _aCLARENCE HOUSE LTD V NATIONAL WESTMINSTER BANK PLC |
| 650 | 2 | 4 | _aGOOD HARVEST PARTNERSHIP LLP V CENTAUR SERVICES LTD |
| 651 | 4 |
_aEngland and Wales _y1543- |
|
| 690 | _aPROPERTY-COMMERCIAL PROPERTY-LEASEHOLD COMMERCIAL PROPERTY-COMMERCIAL LANDLORD AND TENANT | ||
| 700 | 1 | _aPrice, Charlotte | |
| 942 | _n0 | ||
| 999 |
_c82501 _d82501 |
||